|
|
|
|
| LEADER |
00634nam a2200157 a 4500 |
| 008 |
090719s1980 ii 000 0 eng d |
| 082 |
0 |
0 |
|a 822.91
|2 19
|
| 245 |
1 |
0 |
|a William Shakespeare :
|b the complete works.
|
| 260 |
|
|
|a New Delhi :
|b Oxford & IBH Publishing Co.,
|c 1980
|
| 300 |
|
|
|a 1376 p. ;
|c 23 cm.
|
| 541 |
1 |
|
|e 00014443
|
| 600 |
1 |
0 |
|a Shakespeare, William,
|d 1564-1616
|x Drama.
|
| 852 |
4 |
|
|a Ayesha Abed Library
|j General shelf
|
| 942 |
0 |
0 |
|0 1
|
| 999 |
|
|
|c 2862
|d 2862
|
| 952 |
|
|
|0 0
|1 0
|2 ddc
|4 0
|6 822_910000000000000_SHA
|7 0
|9 2613
|a BRACUL
|b BRACUL
|c GEN
|d 2009-07-27
|g 530.00
|l 20
|m 82
|o 822.91 SHA
|p 3010014443
|q 2026-06-02
|r 2026-05-21
|s 2026-05-21
|t 1
|w 2009-07-27
|y BK
|